| 000 | 00499cam a2200193ua 4500 | ||
|---|---|---|---|
| 020 | _cRs 2.25 | ||
| 041 |
_amal _h |
||
| 082 |
_a894.812 1 _bVAl/VA |
||
| 100 | _aNarayana Menon, Vallathol. | ||
| 245 |
_aVallathol sudha / _cVallathol Narayana Menon. _hTextual Documents |
||
| 260 |
_aCheruthuruthy : _bVallathol Granthalayam , _c1962. |
||
| 300 | _a132 ; . | ||
| 362 | 0 | _aVol 2- | |
| 365 | _aRs 2.25 | ||
| 504 | _a | ||
| 650 | _aPoems - Malayalam | ||
| 942 | _cBK | ||
| 999 |
_c964 _d964 |
||